Project management. : A managerial approach

Enregistré dans:
Détails bibliographiques
Auteurs principaux: Meredith, , Jack R. (Auteur), Mantel, Samuel, J. (Auteur)
Format: Livre
Langue:anglais
Publié: Hoboken : John Wiley & Sons, 2003
Édition:5. vyd.
Sujets:
Tags: Ajouter un tag
Pas de tags, Soyez le premier à ajouter un tag!

MARC

LEADER 00000nam a22000003a 4500
001 stu137884
005 20190206124549.0
008 070213s2003----xxu-----------------eng-d
020 |a 0-471-07323-7 
040 |a STU  |b slo 
041 0 |a eng 
044 |a xxu 
100 1 |a Meredith, , Jack R.  |4 aut 
245 1 |a Project management. :  |b A managerial approach 
250 |a 5. vyd. 
260 |a Hoboken :  |b John Wiley & Sons,  |c 2003 
300 |a 690 s 
650 7 |a Microsoft  |2 stusub 
650 7 |a projektový manažment  |2 stusub 
700 1 |a Mantel, Samuel, J.  |4 aut 
996 |b 284IK06602  |c I*3M5712  |l II680  |s A  |a 24  |w stu137884_0001